Taylor Swift mystery lyrics #111 - Statistics

General Stats
  • This quiz has been taken 49 times
  • The average score is 142 of 231
Answer Stats
Answer % Correct
I
100%
a
97%
the
97%
it
95%
to
95%
you
95%
an
92%
be
92%
is
92%
me
92%
your
92%
And
90%
and
90%
in
90%
In
90%
on
90%
my
87%
that
87%
this
87%
of
85%
when
85%
time
82%
All
79%
all
79%
It's
79%
like
79%
no
79%
I'm
77%
love
77%
for
74%
know
74%
was
74%
one
72%
Just
69%
just
69%
not
69%
been
67%
'cause
67%
heart
64%
I've
64%
now
64%
see
64%
back
62%
ever
62%
want
62%
Want
62%
could
59%
got
59%
Got
59%
oh
59%
or
59%
with
59%
mine
56%
out
56%
up
56%
break
54%
right
54%
first
51%
every
49%
life
49%
takes
49%
things
49%
won't
44%
bring
41%
get
41%
going
41%
Still
41%
breathe
38%
either
38%
it'll
38%
okay
38%
feeling
36%
hour
36%
need
36%
relax
36%
thinking
36%
call
33%
electric
33%
look
33%
maybe
33%
Maybe
33%
touch
33%
alone
31%
car's
31%
hanging
31%
left
31%
tonight
31%
two
31%
driveway
28%
till
28%
badly
26%
fell
26%
moment's
26%
money
26%
rain
26%
town
26%
tried
26%
ending
23%
fill
23%
ghost
23%
sadly
23%
8:05
21%
along
21%
apart
21%
burn
21%
fire
21%
forever
21%
heat
21%
history
21%
hoping
21%
lost
21%
phone
21%
space
21%
stars
21%
used
21%
align
18%
calling
18%
decide
18%
gotten
18%
hard
18%
headlights
18%
stories
18%
trying
18%
grown
15%
string
15%
accustomed
13%
sleeping
13%
pining
10%
No matching quizzes found
Score Distribution
Percent of People with Each Score
Percentile by Number Answered
Your Score History
You have not taken this quiz